1522 1915 1860 1220 1156 1247 1753 1119 1009 1890 1919 1244 1282 1563 1260 1044 1887 1076 1515 1585 1161 1452 1111 1899 1660 1221 1631 1209 1226 1980 1347 1270 1983 1982 1644 1169 1398 1719 1193 1629 1405 1432 1316 1950 1413 1029 1954 1996 1647 1435 1542 1095 1226 1449 1432 1273 1928 1874 1345 1786 1753 1519 1115 1644 1490 1053 1684 1973 1964 1329 1499 1232 1307 1671 1930 1410 1273 1389 1443 1151 1112 1967 1354 1705 1360 1714 1637 1286 1052 1596 1414 1665 1936 1075 1088 1313 1432 1996 1218 BCNSPRNW ULIB Ver.6.0+V

เปลี่ยนเป็นภาษาไทย

Change to English
 แสดงรายละเอียดบรรณานุกรม
  กลับหน้าหลัก

Brief Record : Get Marc (ISO 2709) : E-mail record : QR code < ปิดหน้าต่าง
LEADER : 00000nam 2200000uu 4500
001    13399115066
003     ULIB
008    120708s2549||||th 000 0 tha d
020    ^a9746568582
060 04 ^aWY157.6^bม293ก
100 0  ^aมรรยาท ณ นคร
245 10 ^aการพยาบาลผู้ป่วยกระดูกอักเสบติดเชื้อ /^cมรรยาท ณ นคร
250    ^aพิมพ์ครั้งที่ 1
260    ^aเชียงใหม่ :^bโครงการตำรา คณะพยาบาลศาสตร์มหาวิทยาลัยเชียงใหม่,^c2549
300    ^aก-ฉ, 90 หน้า :^bภาพประกอบ ;^c21 ซม.
650  7 ^aกระดูก^xโรค
650  7 ^aการพยาบาลออร์โธปิดิคส์
650  7 ^aข้ออักเสบ^xการพยาบาล
710 2  ^aมหาวิทยาลัยเชียงใหม่. ^bคณะพยาบาลศาสตร์. ^bโครงการตำรา
945    ^p120^l0^i19136
945    ^p120^l0^i15141
995    ^aเกษร
999    ^aใช้งานได้ทุกระบบ
รายการนี้ยังไม่มีแท็ก
คุณยังไม่ได้ล็อกอิน คุณสามารถมีกิจกรรมร่วมกับเว็บไซต์ได้ แต่ต้องล็อกอินก่อน ::
  ล็อกอิน

รายการสื่อสารสนเทศ

ลำดับที่ ประเภท เลขเรียก/บาร์โค้ด สถานที่ สถานะ
1. Book การพยาบาล
Book การพยาบาล
สถานะ=หนังสือเก่า
WY157.6 ม293ก  
  Barcode: 19136
ห้องสมุดวิทยาเขตนครสวรรค์
►หนังสือทั่วไป:l:General Books
บนชั้น
2. Book การพยาบาล
Book การพยาบาล
สถานะ=หนังสือเก่า
WY157.6 ม293ก ฉ.2 
  Barcode: 15141
ห้องสมุดวิทยาเขตนครสวรรค์
►หนังสือทั่วไป:l:General Books
บนชั้น

รายการใกล้เคียง
    ผู้แต่ง [มรรยาท ณ นคร]

    หัวเรื่อง [การพยาบาลออร์โธปิดิคส์]

BibComment


ยังไม่เคยถูกคอมเมนท์

คอมเมนท์ทรัพยากรรายการนี้
  คอมเมนท์: การพยาบาลผู้ป่วย..


 Copyright 2026. Bcnsprnw @Library